<?xml version='1.0' encoding='UTF-8'?>
  <record xmlns="http://www.loc.gov/MARC21/slim">
    <leader>00000cam a22000007i 4500</leader>
    <controlfield tag="001">ocn974116587</controlfield>
    <controlfield tag="003">OCoLC</controlfield>
    <controlfield tag="005">20240724185506.5</controlfield>
    <controlfield tag="008">991018s1693    ne            000 0 dut d</controlfield>
    <datafield tag="040" ind1=" " ind2=" ">
      <subfield code="a">QGJ</subfield>
      <subfield code="b">dut</subfield>
      <subfield code="c">QGJ</subfield>
      <subfield code="d">OCLCQ</subfield>
    </datafield>
    <datafield tag="035" ind1=" " ind2=" ">
      <subfield code="a">(OCoLC)974116587</subfield>
    </datafield>
    <datafield tag="245" ind1="0" ind2="0">
      <subfield code="a">Publicatie / De Staten van den Lande van Utrecht, considererende de excessive groote lasten van den jegenwoordigen swaren oorlogh ..., hebben ... goed-gevonden ... over den toekomenden jare 1694 den ophef van alle de middelen, die over desen lopenden jare 1693 geheven ende ge-introduceert zijn geweest ... /</subfield>
      <subfield code="c">gedaen t'Utrecht desen VIIIen. Novemb. 1693.</subfield>
    </datafield>
    <datafield tag="264" ind1=" " ind2="1">
      <subfield code="a">[Utrecht] :</subfield>
      <subfield code="b">[uitgever niet vastgesteld],</subfield>
      <subfield code="c">[1693]</subfield>
    </datafield>
    <datafield tag="300" ind1=" " ind2=" ">
      <subfield code="a">-- p. ;</subfield>
      <subfield code="c">19 cm</subfield>
    </datafield>
    <datafield tag="336" ind1=" " ind2=" ">
      <subfield code="a">tekst</subfield>
      <subfield code="b">txt</subfield>
      <subfield code="2">rdacontent/dut</subfield>
    </datafield>
    <datafield tag="337" ind1=" " ind2=" ">
      <subfield code="a">zonder medium</subfield>
      <subfield code="b">n</subfield>
      <subfield code="2">rdamedia/dut</subfield>
    </datafield>
    <datafield tag="338" ind1=" " ind2=" ">
      <subfield code="a">band</subfield>
      <subfield code="b">nc</subfield>
      <subfield code="2">rdacarrier/dut</subfield>
    </datafield>
    <datafield tag="340" ind1=" " ind2=" ">
      <subfield code="m">4-o.</subfield>
    </datafield>
    <datafield tag="500" ind1=" " ind2=" ">
      <subfield code="a">Jaar van uitg. op grond van dagtekening.</subfield>
    </datafield>
    <datafield tag="562" ind1=" " ind2=" ">
      <subfield code="a">ex. L qu 799 III 19 is enigszins afwijkend van de beide andere exemplaren.</subfield>
      <subfield code="5">NL-UtRU</subfield>
    </datafield>
    <datafield tag="510" ind1="0" ind2=" ">
      <subfield code="a">Van Someren 915</subfield>
    </datafield>
    <datafield tag="500" ind1=" " ind2=" ">
      <subfield code="a">Collational formula: A:2.</subfield>
    </datafield>
    <datafield tag="530" ind1=" " ind2=" ">
      <subfield code="a">Also available in online version.</subfield>
    </datafield>
    <datafield tag="776" ind1="0" ind2="8">
      <subfield code="i">Online version:</subfield>
      <subfield code="t">Publicatie / De Staten van den Lande van Utrecht, considererende de excessive groote lasten van den jegenwoordigen swaren oorlogh ..., hebben ... goed-gevonden ... over den toekomenden jare 1694 den ophef van alle de middelen, die over desen lopenden jare 1693 geheven ende ge-introduceert zijn geweest ....</subfield>
      <subfield code="d">[Utrecht] : [s.n.], [1693]</subfield>
    </datafield>
    <datafield tag="856" ind1="4" ind2="1">
      <subfield code="u">http://objects.library.uu.nl/reader/resolver.php?obj=001209917&amp;type=2</subfield>
      <subfield code="x">Online</subfield>
      <subfield code="z">Full Text</subfield>
    </datafield>
    <datafield tag="936" ind1=" " ind2=" ">
      <subfield code="a">BATCHLOAD</subfield>
    </datafield>
  </record>